000 00289nam a22001097a 4500
040 _cSCME
100 _aNazin.G.M
_9122721
245 _aThermal Decomposition and Combustion of Explosive and Propellant
260 _aNew York
_bTaylor & Francis
_c2003
300 _a362p.
942 _2ddc
_cBK
999 _c609165
_d609165